000 00820nam a2200229Ia 4500
001 18576
003 GE_BSU
008 181216s||||||||xx |||||||||||||| ||und||
040 _cGE_BSU
080 _a821.353.1
100 _aნინუა, რატი (ტატო)
245 _aალუბლის იალქნები:ლექსები
245 _cრედ:ვახტანგ ხარჩილავა,მხატ:ზურაბ ხარაბაძე.
260 _aთბილისი
260 _bმერანი
260 _c1994
300 _a78გვ;16სმ.
300 _b1ფ. პორტრეტი
653 _aალუბლის იალქნები:ლექსები
653 _aქართული ლიტერატურა
942 _cBK
999 _c51585
_d51585